000 00217nam a22000857a 4500
008 160701b xxu||||| |||| 00| 0 eng d
100 _91655
_a `Aggarwal, M.L
245 _aMathematics - XII
260 _aNew Delhi
_bArya
_c2005
999 _c1375
_d1375